Information technology in local government

Gespeichert in:
Bibliographische Detailangaben
1. Verfasser: Organisation for Economic Co-operation and Development
Format: Buch
Sprache:Undetermined
Veröffentlicht: Paris Organisation for Economic Co-operation and Development 1974
Schlagworte:
Tags: Tag hinzufügen
Keine Tags, Fügen Sie den ersten Tag hinzu!
Thư viện lưu trữ: Trung tâm Học liệu Trường Đại học Cần Thơ
LEADER 00601nam a2200181Ia 4500
001 CTU_86618
008 210402s9999 xx 000 0 und d
082 |a 352 
082 |b O.68 
100 |a Organisation for Economic Co-operation and Development 
245 0 |a Information technology in local government 
245 0 |c Organisation for Economic Co-operation and Development 
260 |a Paris 
260 |b Organisation for Economic Co-operation and Development 
260 |c 1974 
650 |a Information technology 
904 |i Năm 
980 |a Trung tâm Học liệu Trường Đại học Cần Thơ